ბათუმის შოთა რუსთაველის სახელმწიფო უნივერსიტეტის ბიბლიოთეკა

Managing the cycle of meltdowns for students with autism spectrum disorder / (ბიბ.ჩანაწერი № 58116)

000 -LEADER
fixed length control field 01104cam a22002174a 4500
001 - CONTROL NUMBER
control field 17092882
005 - DATE AND TIME OF LATEST TRANSACTION
control field 20210618130452.0
008 - FIXED-LENGTH DATA ELEMENTS--GENERAL INFORMATION
fixed length control field 111222s2014 caua b 001 0 eng
020 ## - INTERNATIONAL STANDARD BOOK NUMBER
International Standard Book Number 9781626365698
041 ## - LANGUAGE CODE
Language code of text/sound track or separate title eng
080 ## - UNIVERSAL DECIMAL CLASSIFICATION NUMBER
Universal Decimal Classification number 376.2+616.896 C-69
100 1# - MAIN ENTRY--PERSONAL NAME
Personal name Colvin, Geoff
Dates associated with a name
9 (RLIN) 12087
245 10 - TITLE STATEMENT
Title Managing the cycle of meltdowns for students with autism spectrum disorder /
Statement of responsibility, etc. Geoff Colvin, Martin R. Sheehan : foreword by Richard L. Simpson.
264 ## - PRODUCTION, PUBLICATION, DISTRIBUTION, MANUFACTURE, AND COPYRIGHT NOTICE
Place of production, publication, distribution, manufacture New York:
Name of producer, publisher, distributor, manufacturer Skyhorse,
Date of production, publication, distribution, manufacture, or copyright notice 2014.
300 ## - PHYSICAL DESCRIPTION
Extent 227 p. :
Other physical details ill. ;
Dimensions 26 cm.
653 ## - INDEX TERM--UNCONTROLLED
keyword აუტიზმის სპექტრის აშლილობის მქონე სტუდენტებისთვის კრიზისის ციკლის მართვა
653 ## - INDEX TERM--UNCONTROLLED
keyword Управление циклом истерики у студентов с расстройством аутистического спектра
700 1# - ADDED ENTRY--PERSONAL NAME
Personal name Sheehan, Martin R.
Relator term ავტორი
9 (RLIN) 12088
700 1# - ADDED ENTRY--PERSONAL NAME
Personal name Simpson, Richard L.
9 (RLIN) 12089
Relator term წინასიტყვაობის ავტორი
942 ## - ADDED ENTRY ELEMENTS (KOHA)
Source of classification or shelving scheme
Koha item type წიგნი
ეგზემპლარები
Withdrawn status Lost status Source of classification or shelving scheme Damaged status Not for loan Permanent Location Current Location Shelving location Date acquired Cost, normal purchase price Full call number Barcode Date last seen Copy number Price effective from Koha item type Public note
          ბათუმის შოთა რუსთაველის სახელმწიფო უნივერსიტეტის მთავარი ბიბლიოთეკა ბათუმის შოთა რუსთაველის სახელმწიფო უნივერსიტეტის მთავარი ბიბლიოთეკა წიგნსაცავი 2021-06-18 88.00 376.2+616.896 C-69 61410 2021-06-18 61410 2021-06-18 წიგნი 88 ლ.